00605nam a2200217 a 4500003000900000005001700009007000300026008004100029020001500070040002800085082000900113100003800122245004000160250001800200300001200218336002700230337003300257338002800290650003900318650003000357CO-ViMGA20231018213304.0ta141112s2004 ck r 000 u spa d a9681673492 aCO-ViMGAbspacCO-ViMGA04aANNm1 aAnno, Mitsumasa; Anno, Masaichiro10aEl misterio del jarrón multicolor a1a. edición a44p il. 2rdacontentatextobtxt 2rdamediaasin mediaciónbn 2rdacarrieravolumenbnc14aCUENTOS INFANTILES JAPONESES2LEMB14aLITERATURA INFANTIL2LEMB